La Birmanie pour les touristes... - Statistiques

Statistiques générales
  • Ce quiz a été pris 8 fois
  • Le résultat moyen est 4 sur 20
Statistiques - réponses
Question Indice Réponses % Correct
Quelle est la langue officielle ? Birman
88%
Quel est le climat local ? T Tropical
75%
Achats à faire 1/ Pierre rouge Rubis
63%
Quel est le régime du pays ? D Dictature
50%
Combien d'heures (environ) mettrez-vous pour vous y rendre ? (en chiffres) 11
38%
Achats à faire 2/ Pierre verte Jade
38%
Code sur les plaques minéralogiques MYA
38%
La religion majoritaire est Bouddhisme
25%
Comment se nomme la principale compagnie aérienne locale M N A Myanmar National Airlines
13%
Le principal aéroport est Y Yangon
13%
Dans la capitale quel est le décalage horaire avec Paris ? (+ ou - et chiffre) ex - 10 ou + 3,5 + 4,5
0%
Quelles sont les principaux lieux touristiques ? M Baie du {Bengale}
0%
Quelles sont les principaux lieux touristiques ? J {Hsipaw}
0%
Quelle est la monnaie ? Kyat
0%
Quelles sont les principaux lieux touristiques ? U Lac {Inlé}
0%
Achats à faire 3/ Objet en bois... Laqué
0%
Achats à faire 4/ Pour jouer ? Marionnette
0%
Le suffixe internet est mm
0%
Quelles sont les principaux lieux touristiques ? B {Pyin Oo Lwin}
0%
Quelles sont les principaux lieux touristiques ? M Région de {Kengtung}
0%
Aucun quiz correspondant
Distribution des résultats
% des personnes avec chaque résultat
Percentile par nombre de réponses
Votre historique - résultats
Vous n’avez pas pris ce quiz